000 01466nam0a2200361 4500
001 RU\NLR\bibl\181505
005 20260407085454.0
010 _a5-85747-107-9
_97000
021 _aRU
_b2001-22546
_91071
035 _a(NLR Aleph) 000178174
090 _a1028169
_c1028169
100 _a20010803d2001 |||y0rusy50 ca
101 0 _arus
102 _aRU
105 _aa |||||||||
200 1 _aVIII Российский национальный конгресс "Человек и лекарство", 2-6 апр. 2001 г.
_eНауч. программа
210 _aМ.
_cОбщерос. обществ. фонд "Здоровье человека"
_d2001
215 _a112 с.
_d29
300 _aВ надзаг.: Общерос. обществ. фонд "Здоровье человека"
320 _aИмен. указ.: с. 103-112
606 0 _aФармакотерапия
_jСъезды, совещания и т.п.
_9903689
_3RU\NLR\auth\668962
610 0 _aФармакотерапия
675 _a615.2/.3.03
_v3
_zrus
686 _a76.31
_2rugasnti
686 _a52.81
_2rubbk
686 _aР352я431(2)
710 1 2 _a"Человек и лекарство", российский национальный конгресс
_d8
_f2001
_eМосква
_3RU\NLR\AUTH\8810046741
_9593135
801 0 _aRU
_bRKP
_c20010803
_gPSBO
801 1 _aRU
_bRKP
_c20010803
801 2 _aRU
_bNLR
_c20060414
_grcr
942 _cBOOK
980 _aNB